00237nam a2200085Ia 450000100070000000500170000700800410002424500330006526000530009879444020250826170708.0250824s9999 xx 000 0 und d 0aHALİME KAPTANcRIFAT ILGAZ bTÜRKİYE İŞ BANKASI KÜLTÜR YAYINLARI